Travel and tourism - Malaysia.

Bibliographic Details
Format: Book
Published: London: Euromonitor International, 2010.
Series:Country market insight : July 2010
LEADER 00406cam a2200121 7i4500
001 0000025335
005 20101216090000.0
245 0 0 |a Travel and tourism - Malaysia. 
260 0 0 |a London:   |b Euromonitor International,   |c 2010. 
300 # # |a [v.p]. 
440 0 0 |a Country market insight : July 2010 
999 |a B000028120  |b Book  |c Countries  |e Business Information Centre 
999 |a B000028119  |b Book  |c Countries  |e Business Information Centre